| 000 | 00444nam a2200157Ia 4500 | ||
|---|---|---|---|
| 008 | 240729s9999 xx 000 0 und d | ||
| 022 | _a2963-847X | ||
| 245 | 0 | _aReview of Islamic Social Finance and Entrepreneurship | |
| 260 | _aIndonesia | ||
| 260 | _bUniversitas Islam Indonesia | ||
| 650 | _a Finance | ||
| 650 | _aSocial Sciences | ||
| 856 | _uhttps://doaj.org/toc/1be5250eb4c448b4bc78f9d8c1672bba | ||
| 942 | _2ddc | ||
| 942 | _cDOAJEJ | ||
| 999 |
_c67410 _d67410 |
||
| 945 |
_a1 _bMadushi Gamage _c1 _dMadushi Gamage |
||